Los hombres que no amaban a las mujeres / (Registro nro. 4385)
[ vista simple ]
| 000 -LÍDER | |
|---|---|
| campo de control de longitud fija | 01344nam a2200301Ia 4500 |
| 003 - IDENTIFICADOR DE NÚMERO DE CONTROL | |
| campo de control | OSt |
| 005 - FECHA Y HORA DE LA ÚLTIMA | |
| campo de control | 20241121084637.0 |
| 008 - ELEMENTOS DE DATOS DE LONGITUD FIJA - INFORMACIÓN GENERAL | |
| campo de control de longitud fija | 191128t2010 ck er 000 f spa d |
| 020 ## - NÚMERO INTERNACIONAL NORMALIZADO DEL LIBRO | |
| Número de libro estándar internacional | 9789584219855 |
| 037 ## - FUENTE DE ADQUISICIÓN | |
| Materials specified | Donación |
| 040 ## - FUENTE DE CATALOGACIÓN | |
| Agencia de catalogación original | CO-JMCR |
| Agencia de transcripción | CO-JMCR |
| Agencia modificadora | CO-JMCR |
| Convenciones de descripción | rda |
| 041 ## - CÓDIGO DE IDIOMA | |
| Código de idioma del texto/pista de sonido o título independiente | spa |
| 082 04 - NÚMERO DE CLASIFICACIÓN DECIMAL DEWEY | |
| Número de artículo | A-N |
| Número de edición | LARh |
| 100 1# - ENTRADA PRINCIPAL - NOMBRE PERSONAL | |
| Nombre personal | Larsson, Stieg |
| Término relativo | autor |
| 9 (RLIN) | 7548 |
| 245 14 - DECLARACIÓN DEL TÍTULO | |
| Título | Los hombres que no amaban a las mujeres / |
| Declaración de responsabilidad, etc. | Stieg Larsson ; traducción Martin Lexell, Juan José Ortega Román |
| 246 ## - FORMA VARIABLE DEL TÍTULO | |
| Título propiamente dicho/título corto | Män som hatar kvinnor. |
| 250 ## - DECLARACIÓN DE EDICIÓN | |
| Declaración de edición | Treceava edición |
| 260 ## - PUBLICACIÓN, DISTRIBUCIÓN, ETC. | |
| Lugar de publicación, distribución, etc. | Bogotá : |
| Nombre del editor, distribuidor, etc. | Planeta, |
| Fecha de publicación, distribución, etc. | ©2010 |
| 300 ## - DESCRIPCIÓN FÍSICA | |
| Medida | 665 páginas ; |
| Dimensiones | 23 cm. |
| 490 ## - DECLARACIÓN DE LA SERIE | |
| Declaración de serie | Millennium |
| 520 ## - RESUMEN, ETC. | |
| Resumen, etc | Harriet Vanger desapareció hace treinta y seis años en una isla sueca propiedad de su poderosa familia. A pesar del despliegue policial, no se encontró ni rastro de la muchacha. ¿Se escapó? ¿Fue secuestrada? ¿Asesinada? El caso está cerrado y los detalles, olvidados. Pero su tío Henrik Vanger, un empresario retirado, vive obsesionado con resolver el misterio antes de morir. |
| 650 14 - ENTRADA AÑADIDA DE ASUNTO - TÉRMINO TEMÁTICO | |
| Fuente del encabezado o término | JMCR |
| -- | Mujeres en la literatura |
| 9 (RLIN) | 6298 |
| 650 14 - ENTRADA AÑADIDA DE ASUNTO - TÉRMINO TEMÁTICO | |
| Fuente del encabezado o término | JMCR |
| -- | Novela policiaca |
| 9 (RLIN) | 214 |
| 650 14 - ENTRADA AÑADIDA DE ASUNTO - TÉRMINO TEMÁTICO | |
| Fuente del encabezado o término | JMCR |
| -- | Desaparecidos |
| Subdivisión general | Literatura |
| 9 (RLIN) | 43497 |
| 700 ## - ENTRADA AGREGADA - NOMBRE PERSONAL | |
| Nombre personal | Lexell, Martin |
| Término relativo | traductor |
| 9 (RLIN) | 7543 |
| 700 ## - ENTRADA AGREGADA - NOMBRE PERSONAL | |
| Nombre personal | Ortega, Juan José |
| Término relativo | traductor |
| 9 (RLIN) | 7552 |
| 942 ## - ELEMENTOS DE ENTRADA AÑADIDOS (KOHA) | |
| Source of classification or shelving scheme | Dewey Decimal Classification |
| Tipo de artículo Koha | Books |
| 999 ## - | |
| -- | 4385 |
| -- | 4385 |
| Estado retirado |
|---|